Cuna y casa de las mascaradas (Registro nro. 8667)
[ vista simple ]
| 000 -Líder | |
|---|---|
| fixed length control field | 00492nas a2200181 4500 |
| 005 - Fecha y hora de la última transacción | |
| Campo de control | 20180518103149.0 |
| 008 - Elementos de longitud fija--Información general | |
| Campo de control de longitud fija | 161201b xxu||||| |||| 00| 0 spa d |
| 082 ## - Clasificación Decimal Dewey | |
| Número de clasificación | Cartago Mío Vol 1, Número 2, 2016 |
| 100 ## - Entrada principal--Autor personal | |
| Autor personal | Leiva, Rita |
| 245 ## - Título propiamente dicho | |
| Título | Cuna y casa de las mascaradas |
| 260 ## - PUBLICACIÓN, DISTRIBUCIÓN, ETC. | |
| Lugar de publicación | Costa Rica |
| Editorial | Fractal21 |
| Año de publicación | 2016 |
| 300 ## - Descripción física | |
| Extensión | 8-9 |
| 440 ## - Declaración de serie/asiento adicional--título | |
| Título de la serie | Cartago Mío |
| 650 ## - Materia general | |
| Temática (materia general) | COSTA RICA |
| 650 ## - Materia general | |
| Temática (materia general) | CARTAGO |
| 650 ## - Materia general | |
| Temática (materia general) | MASCARADAS |
| 942 ## - Punto de acceso adicional KOHA | |
| Punto de acceso adicional KOHA | Revista |
No hay ítems disponibles.